BIBLIOTECA

SENCICO

Empresas Competitivas : una estrategia de cambio para el éxito (Registro nro. 1505)

Detalles MARC
000 -LEADER
fixed length control field 00862nam a2200241Ia 4500
005 - DATE AND TIME OF LATEST TRANSACTION
control field 20251020182513.0
008 - FIXED-LENGTH DATA ELEMENTS--GENERAL INFORMATION
fixed length control field 200515s9999 xx 000 0 und d
020 ## - INTERNATIONAL STANDARD BOOK NUMBER
International Standard Book Number 970-10-1204-6
082 ## - DEWEY DECIMAL CLASSIFICATION NUMBER
Classification number 658.008.9/N74
100 ## - MAIN ENTRY--PERSONAL NAME
Personal name Cabello Garza, Mario A.
100 ## - MAIN ENTRY--PERSONAL NAME
Personal name Ramírez Padilla, David Noel
245 #0 - TITLE STATEMENT
Title Empresas Competitivas : una estrategia de cambio para el éxito
260 ## - PUBLICATION, DISTRIBUTION, ETC.
Place of publication, distribution, etc. México, D.F.
260 ## - PUBLICATION, DISTRIBUTION, ETC.
Name of publisher, distributor, etc. McGraw-Hill
260 ## - PUBLICATION, DISTRIBUTION, ETC.
Date of publication, distribution, etc. 1997
300 ## - PHYSICAL DESCRIPTION
Extent 280 p.
500 ## - GENERAL NOTE
General note 1 ejemplar
520 ## - SUMMARY, ETC.
Summary, etc. Elimina el paradigma de las mayoría de los pequeños y medianos empresarios acerca de la imposibilidad de que sus organizaciones compitan a nivel mundial. Para ello, se ofree a los lectores un decálogo de actitudee, habilidades y tecnología a implantar en
650 ## - SUBJECT ADDED ENTRY--TOPICAL TERM
Topical term or geographic name entry element COMPETITIVIDAD
650 ## - SUBJECT ADDED ENTRY--TOPICAL TERM
Topical term or geographic name entry element EMPRESAS
942 ## - ADDED ENTRY ELEMENTS (KOHA)
Koha item type Libros
Existencias
Fecha de la última vez que lo usaron Pago total Signatura topográfica completa Código de barras Precio efectivo desde Tipo de documento Estado perdido Estado dañado No es para préstamo Retirado Ubicación permanente Ubicación actual Fecha de adquisición
15/05/2020   658.008.9/N74 Bib-Lima15051505 15/05/2020 Libros         Biblioteca Central Lima Biblioteca Central Lima 15/05/2020